Portfolio Selection by Maximizing Omega Function Using Differential Evolution

Enregistré dans:
Détails bibliographiques
Auteur principal: Pekár, Juraj, 1972-
Autres auteurs: Brezina, Ivan, 1963-, Čičková, Zuzana, 1978-, Reiff, Marian, 1978-
Format: Chapitre de livre
Langue:anglais
Tags: Ajouter un tag
Pas de tags, Soyez le premier à ajouter un tag!

MARC

LEADER 00000naa a2200000 4500
001 0167920
005 20240716092335.8
041 0 |a eng 
044 |a US 
245 1 0 |a Portfolio Selection by Maximizing Omega Function Using Differential Evolution  |c Juraj Pekár, Ivan Brezina, Zuzana Čičková, Marian Reiff 
100 1 |a Pekár, Juraj, 1972- 
700 1 |a Brezina, Ivan, 1963- 
700 1 |a Čičková, Zuzana, 1978- 
700 1 |a Reiff, Marian, 1978-